000 00530nam a2200205Ia 4500
003 0100
008 130227s9999 xx 000 0 und d
040 _cARRUPELIB
050 _aBJ1249.R53 1993
100 _aO'Brien, William J.
245 _aRiding time like a river
245 _bthe Catholic moral tradition since Vatican 2
260 _aWashington
260 _bGeorgetown University Press
260 _C1993
300 _axiv
300 _b 112p. 24cm.
650 _bFamily life education--India
942 _2lcc
_01
999 _c7111
_d7111